00226nam a22000977a 4500008004100000082001700041100001300058245002900071260001900100300000900119230704b xxu||||| |||| 00| 0 eng d a342.968bZIM cZimbabwe aConstitution of Zimbabwe aZimbabwec1985 a108p